000 00861nam a22002897a 4500
003 CHAP
005 20220817042129.0
008 971013s1969 it r 00010 spa d
010 _a35614
011 _a36586
035 _a40705
040 _cCHAP
082 0 4 _a338.17358
_bF3
110 2 _aFAO
245 1 _aBonote
_b: características tendencias y problemas económicos
260 _aRoma :
_bFAO,
_c1969
300 _a68 p.
490 _aFAO. Serie sobre productos
_v; 44
590 _aBATCH-UPD
_b10
_c20130110
_lUCH01
_h2219
590 _aCONVERSION
_b10
_c20130109
_lUCH01
_h1320
650 1 4 _aBonote.
_913750
830 0 _aFAO. Serie sobre productos
_v; 44
_939695
901 _aBK
942 _cLIBRO
949 _a338.17358 F3
_bBC
_cFAO
_d-93007
_eFAO1
_h13300
_i40705
_si
949 _a338.17358 F3
_bBC
_cFAO
_d33724000574737
_eFAO2
_fc.2
_h13406
_i40705
_si
999 _c35614
_d35614